Sils Maria /

Gorde:
Xehetasun bibliografikoak
Beste egile batzuk: Flynn, Johnny (Aktorea), Stewart, Kristen (Aktorea), Moretz, Chloë Grace (Aktorea), Eidinger, Lars (Aktorea), Meaux, Christelle (Eszenan ipintzen duena), Corbet, Brady (Aktorea), Assayas, Olivier (Zuzendaria), Binoche, Juliette (Aktorea), Le Saux, Yorick (Argazkilaria)
Formatua: Diapositiba
Hizkuntza:italiera
ingelesa
Argitaratua: Campi Bisenzio : Cecchi Gori Entertainment, 2014
Etiketak: Etiketa erantsi
Etiketarik gabe, Izan zaitez lehena erregistro honi etiketa jartzen!

MARC

LEADER 00000ngm a22000007i 4500
001 IT\ICCU\MOD\1647938
003 ItRI
005 20260124182902.0
008 150630s2014 it |||||||||||||||k|||||c
024 3 1 |a 8057092003978 
028 4 2 |a PSV21199  |b CG Entertainment 
040 |b ita 
041 7 |a ita  |a eng  |2 ISO-639-2 
082 |a 791.43  |9 CINEMA  |2 14 
130 0 |a Clouds of Sils Maria <film ; 2014>  |3 IT\ICCU\MOD\1647939 
245 0 0 |a Sils Maria /  |c un film di Olivier Assayas ; scritto da Olivier Assayas ; fotografia Yorick Le Saux ; sceneggiatura Christelle Meaux ; [con] Juliette Binoche, Kristen Stewart, Chloë Grace Moretz ... [et al.]. 
260 |a Campi Bisenzio :  |b Cecchi Gori Entertainment,  |c 2014 
300 |a 1 DVD-video (119 min) :  |b a colori, PAL 
500 |a Titolo del contenitore 
500 |a Prima del titolo: CG Cinema presenta 
500 |a Produzione cinematografica: Francia/Svizzera/Germania, 2014 
500 |a Lingue: italiano, inglese; sottotitoli: italiano anche per non udenti 
500 |a Altri interpreti: Kristen Stewart, Chloë Grace Moretz, Lars Eidinger, Johnny Flynn 
500 |a Caratteristiche tecniche: regione 2; PAL; video 16/9, 2.35:1; audio Dolby digital 5.1, 2.0 
500 |a Contenuti extra: trailer; galleria fotografica 
500 |a Etichetta: Good films 
700 1 |a Flynn, Johnny  |0 IT\ICCU\DDSV\253888  |4 act 
700 1 |a Stewart, Kristen  |0 IT\ICCU\LO1V\269433  |4 act 
700 1 |a Moretz, Chloë Grace  |0 IT\ICCU\LO1V\384669  |4 act 
700 1 |a Eidinger, Lars  |0 IT\ICCU\LO1V\415434  |4 act 
700 1 |a Meaux, Christelle  |0 IT\ICCU\LO1V\432578  |4 sce 
700 1 |a Corbet, Brady  |0 IT\ICCU\NAPV\131918  |4 act 
700 1 |a Assayas, Olivier  |0 IT\ICCU\RAVV\088224  |4 drt 
700 1 |a Binoche, Juliette  |0 IT\ICCU\RAVV\089897  |4 act 
700 1 |a Le Saux, Yorick  |0 IT\ICCU\RAVV\493603  |4 pht 
710 2 |a CG Entertainment  |0 IT\ICCU\DDSV\039619  |4 pbl 
791 2 |a Cecchi Gori Entertainment  |3 IT\ICCU\DDSV\353142  |z CG Entertainment 
791 2 |a CG Home Video  |3 IT\ICCU\MODV\664430  |z CG Entertainment 
791 2 |a Cecchi Gori Home Video  |3 IT\ICCU\MODV\664431  |z CG Entertainment 
791 2 |a Cecchi Gori Home Group  |3 IT\ICCU\MODV\664432  |z CG Entertainment 
791 2 |a Cecchi Gori Editoria Elettronica Home video  |3 IT\ICCU\MODV\664433  |z CG Entertainment 
942 |2 ddc  |c VM  |n 0 
952 |0 0  |1 0  |4 0  |6 VO_2215_000000000000000  |7 0  |9 27566  |a BO  |b BO  |d 2026-01-24  |i 18233  |l 0  |o VO 2215  |p BO18233  |r 2026-01-24 18:29:02  |w 2026-01-24  |x [Sebina 5] [1 dvd]  |y VM  |z 1 dvd 
999 |c 23356  |d 23356